00618 2200217 4500001002100000005001700021008004100038020001800079035002400097082001100121090001700132100001900149245008200168250001100250260004300261300003300304650001000337700001700347700001900364990001700383YOGYA-0412000000043920120424174926.0 ind  a979-9444-18-7 0010-041200000000439 a808.87 a808.87 Jat O aJATMIKA, Sidik aOtonomi daerah dagelancSidik Jatmika ; ilustrasi Zuhdan Aziz, Sidik Jatmika. aCet.1. aYogyakartabLapera Pustaka Utamac2001 axvi, 212 hlm.bilus.c17 cm. aHumor aAziz, Zuhdan aJatmika, Sidik a1211-PD/P.04